00745nam a2200241 a 4500001001300000003000900013005001700022008004100039020002300080082001600103100002400119245005600143260006000199300000900259500003500268505001000303650001900313700002400332902000800356942000700364952011700371999001500488nice12345678IN_TiNIC20260116013129.0050524s1992 chaa grp 000 0 eng  a0807804 c10000a891.51bSCH aSchimmel, Annemarie aTwo-Colored Brocadeb the Imagery of Persian Poetry aChapel Hill bUniversity of North Carolina Press c1992 a532p aincludes index and biblioraphy2 aIndex aPersian Poetry1 aSchimmel, Annemarie bSRS cBK 001040708StackRoom-aHMIbHMId2008-08-04g100.00l0o891.51 SCHp016805r2008-08-04v100.00w2005-05-24yBK c9782d9782